000
00300nam a22001217a 4500
008
160419b xxu||||| |||| 00| 0 eng d
020
_a
9780793834
020
_a
9780781793834
041
_a
eng
080
_a
618.2
245
_a
Fundamentals of Nursing :
_c
Taylor Lillis Le Mon Lynn;
942
_2
udc
_c
BK
999
_c
1428
_d
1428